书目信息 |
| 题名: |
红杏出墙
|
|
| 作者: | 左拉 著 | |
| 分册: | ||
| 出版信息: | 广州 花城出版社 1997.05 |
|
| 页数: | 197页 | |
| 开本: | 32开 | |
| 丛书名: | ||
| 单 册: | ||
| 中图分类: | I565.4 | |
| 科图分类: | ||
| 主题词: | 文学 | |
| 电子资源: | ||
| ISBN: | 7-5360-2459-2 | |
| 000 | 00522nam0 2200193 45 | |
| 001 | 0011061904 | |
| 005 | 20001106192555.7 | |
| 010 | @a7-5360-2459-2@d8.60元 | |
| 100 | @a20001106d1997 km y0chiy0120 ea | |
| 101 | 0 | @achi |
| 105 | @a z 000yy | |
| 200 | 1 | @a红杏出墙@AHong Xing Chu Qiang@f(法)左拉著@F(Fa)Zuo La Zhu |
| 210 | @a广州@c花城出版社@d1997.05 | |
| 215 | @a197页@d32开 | |
| 606 | 0 | @a文学 |
| 690 | @aI565.4@v3 | |
| 701 | 0 | @a左拉@4著 |
| 801 | @aCN@bPftUser@c20001106 | |
| 905 | @b210340-349@dI565.4@eZ.011/15@f10 | |
| 红杏出墙/(法)左拉著.-广州:花城出版社,1997.05 |
| 197页;32开 |
| ISBN 7-5360-2459-2:8.60元 |
| ● |
| 相关链接 |
|
|
|
正题名:红杏出墙
索取号:I565.4/Z.011/15
 
预约/预借
| 序号 | 登录号 | 条形码 | 馆藏地/架位号 | 状态 | 备注 |
| 1 | 210340 | 202103400 | 文学库116/ [索取号:I565.4/Z.011/15] | 在馆 | |
| 2 | 210341 | 202103419 | 社科二线400B/400B社科库 17排4列2层/ [索取号:I565.4/Z.011/15] | 在馆 | |
| 3 | 210342 | 202103428 | 社科二线400B/116文学库 23排1列4层/ [索取号:I565.4/Z.011/15] | 在馆 | |
| 4 | 210343 | 202103437 | 社科二线400B/116文学库 23排1列4层/ [索取号:I565.4/Z.011/15] | 在馆 | |
| 5 | 210344 | 202103446 | 文学库116/ [索取号:I565.4/Z.011/15] | 在馆 | |
| 6 | 210345 | 202103455 | 社科二线400B/400B社科库 15排4列2层/ [索取号:I565.4/Z.011/15] | 在馆 | |
| 7 | 210346 | 202103464 | 文学库116/ [索取号:I565.4/Z.011/15] | 在馆 | |
| 8 | 210347 | 202103473 | 社科二线400B/400B社科库 17排4列2层/ [索取号:I565.4/Z.011/15] | 在馆 | |
| 9 | 210348 | 202103482 | 社科二线400B/400B社科库 17排4列2层/ [索取号:I565.4/Z.011/15] | 在馆 | |
| 10 | 210349 | 202103491 | 社科二线400B/400B社科库 30排1列1层/ [索取号:I565.4/Z.011/15] | 在馆 |